000 00484cam a2200205ua 4500
001 8545
005 20260515114340.0
008 150206n ii |||gr||||Z||||||eng
020 _a0195623711
040 _cMAIN
041 _aeng
082 _a410
100 _aVerma, S. K.,
_eAuthor.
245 _aModern linguistics :
_bIntroduction /
_cBy S. K. Verma .
250 _a1st.
260 _aNew Delhi:
_bOxford,
_c1999.
300 _a380p.
653 _aLinguistics
942 _cBK
999 _c7640
_d7640